Účtování spotových obchodů s finančními aktivy
Definícia spotového obchodu podľa IAS 39. Príklady účtovania spotových obchodov podľa dvoch účtovných metód: 1. podľa metódy dňa obchodu, 2. podľa metódy dňa vysporiadania.
Saved in:
| Main Author: | |
|---|---|
| Format: | Book Chapter |
| Language: | Czech |
| Subjects: | |
| Tags: |
No Tags, Be the first to tag this record!
|
MARC
| LEADER | 00000naa a2200000 4500 | ||
|---|---|---|---|
| 001 | r048654 | ||
| 005 | 20230913090719.3 | ||
| 041 | 0 | |a cze | |
| 044 | |a CZ | ||
| 245 | 1 | 0 | |a Účtování spotových obchodů s finančními aktivy |c Josef Jílek |
| 520 | |a Definícia spotového obchodu podľa IAS 39. Príklady účtovania spotových obchodov podľa dvoch účtovných metód: 1. podľa metódy dňa obchodu, 2. podľa metódy dňa vysporiadania. | ||
| 610 | 2 | 0 | |a účtovanie |
| 610 | 2 | 0 | |a metódy účtovné |
| 610 | 2 | 0 | |a obchody bankové |
| 610 | 2 | 0 | |a spot |
| 610 | 2 | 0 | |a pojmy |
| 610 | 2 | 0 | |a IAS |
| 610 | 2 | 0 | |a Česko |
| 100 | 1 | |a Jílek, Josef | |